| 000 | 00350pam a2200133 a 4500 | ||
|---|---|---|---|
| 020 |
_a81-203-2216-9 _c |
||
| 041 | _h | ||
| 082 |
_a658.812 _bCEN/JAC |
||
| 100 | _aCENTER A.H.,JACKSON P., | ||
| 245 |
_aPUBLIC RELATIONS PRACTICES _hTextual Documents |
||
| 260 |
_aNEW DELHI _bPRENTICE-HALL OF INDIA PVT LTD _c2003 |
||
| 300 | _aXIV+418 | ||
| 930 | _a9454 | ||
| 999 |
_c128907 _d128907 |
||